000 00715cam a22002531 4500
001 sa 66004292
003 DLC
005 20260227112241.0
008 890516s1965 ii 000 0 hino
010 _asa 66004292
035 _a(OCoLC)19715246
040 _aDLC
_cWaU
_dDLC
042 _apremarc
043 _aa-ii---
050 0 0 _aDS423
_b.A45
110 2 _aAkhila Bhāratīya Mahāmanā Mālavīya Smāraka-Samiti.
245 1 0 _aSāṃskr̥tika pariprekshya meṃ Bhāratīya jīvana.
260 _c[1965]
300 _a5, 226, 121 p.
_c25 cm.
500 _aIn Hindi.
651 0 _aIndia
_xCivilization.
700 1 _aMalaviya, Madan Mohan,
_d1861-1946.
700 1 _aCaturvedī, Sītārāma,
_d1907-
999 _c69327
_d69327